|
|
|
|
| LEADER |
00000nam0a2200000 4500 |
| 001 |
297163 |
| 005 |
20231102000959.0 |
| 035 |
|
|
|a (RuTPU)RU\TPU\book\322283
|
| 090 |
|
|
|a 297163
|
| 100 |
|
|
|a 20150605d1984 k y0rusy50 ca
|
| 101 |
0 |
|
|a rus
|
| 102 |
|
|
|a RU
|
| 105 |
|
|
|a a z 001zy
|
| 200 |
1 |
|
|a Регулирование свойств буровых растворов при бурении шахтных стволов и скважин
|f Н. Ф. Семенко, В. И. Демидова
|
| 210 |
|
|
|a Москва
|c Недра
|d 1984
|
| 215 |
|
|
|a 174 с.
|c ил.
|
| 320 |
|
|
|a Библиогр.: с. 172
|
| 606 |
|
|
|a Буровые растворы,промывочные
|x Приготовление
|2 stltpush
|3 (RuTPU)RU\TPU\subj\30607
|9 53693
|
| 610 |
1 |
|
|a свойства
|
| 610 |
1 |
|
|a регулирование
|
| 610 |
1 |
|
|a контроль
|
| 610 |
1 |
|
|a дисперсная фаза
|
| 610 |
1 |
|
|a дисперсионная среда
|
| 610 |
1 |
|
|a шахтные стволы
|
| 610 |
1 |
|
|a крепление
|
| 610 |
1 |
|
|a оборудование
|
| 610 |
1 |
|
|a охрана окружающей среды
|
| 675 |
|
|
|a 622.244.4
|v 4
|
| 700 |
|
1 |
|a Семенко
|b Н. Ф.
|g Николай Филиппович
|
| 701 |
|
1 |
|a Демидова
|b В. И.
|g Валентина Ивановна
|
| 801 |
|
1 |
|a RU
|b 63413507
|c 20150605
|
| 801 |
|
2 |
|a RU
|b 63413507
|c 20181022
|g RCR
|
| 942 |
|
|
|c BK
|